Fundamentals of management : (Record no. 179)
[ view plain ]
| 000 -LEADER | |
|---|---|
| fixed length control field | 00740cam a2200229 4500 |
| 001 - CONTROL NUMBER | |
| control field | 198 |
| 005 - DATE AND TIME OF LATEST TRANSACTION | |
| control field | 20181127160814.0 |
| 008 - FIXED-LENGTH DATA ELEMENTS--GENERAL INFORMATION | |
| fixed length control field | 040913s2005 njua b 001 0 eng |
| 010 ## - LIBRARY OF CONGRESS CONTROL NUMBER | |
| LC control number | 2004058706 |
| 020 ## - INTERNATIONAL STANDARD BOOK NUMBER | |
| International Standard Book Number | 0131487361 (alk. paper) |
| International Standard Book Number | 0131968718 |
| International Standard Book Number | 9780131487369 (alk. paper) |
| International Standard Book Number | 9780131968714 |
| 100 1# - MAIN ENTRY--PERSONAL NAME | |
| Personal name | Robbins, Stephen P., |
| Dates associated with a name | 1943- |
| 245 10 - TITLE STATEMENT | |
| Title | Fundamentals of management : |
| Remainder of title | essential concepts and applications / |
| Statement of responsibility, etc. | Stephen P. Robbins, David A. DeCenzo. |
| 250 ## - EDITION STATEMENT | |
| Edition statement | 5th ed. |
| 260 ## - PUBLICATION, DISTRIBUTION, ETC. | |
| Place of publication, distribution, etc. | New Delhi : |
| Name of publisher, distributor, etc. | Pearson Education, |
| Date of publication, distribution, etc. | 2008. |
| 300 ## - PHYSICAL DESCRIPTION | |
| Extent | 573 p. : |
| Other physical details | ill.; |
| Dimensions | 28 cm. |
| 504 ## - BIBLIOGRAPHY, ETC. NOTE | |
| Bibliography, etc. note | Includes bibliographical references (p. 511-536) and indexes. |
| 650 #0 - SUBJECT ADDED ENTRY--TOPICAL TERM | |
| Topical term or geographic name entry element | Management. |
| 700 1# - ADDED ENTRY--PERSONAL NAME | |
| Personal name | DeCenzo, David A. |
| Withdrawn status | Lost status | Source of classification or shelving scheme | Damaged status | Not for loan | Collection code | Home library | Current library | Shelving location | Date acquired | Cost, normal purchase price | Serial Enumeration / chronology | Inventory number | Full call number | Barcode | Date last seen | Copy number | Price effective from | Koha item type | Total Checkouts | Date last checked out |
|---|---|---|---|---|---|---|---|---|---|---|---|---|---|---|---|---|---|---|---|---|
| Dewey Decimal Classification | Main TEST | RTC Library | RTC Library | Main opac | 05/03/2022 | 319.20 | 207 | 658 ROB | 30002024 | 27/11/2018 | 1 | 27/11/2018 | Main | |||||||
| Dewey Decimal Classification | Main TEST | RTC Library | RTC Library | Main opac | 05/03/2022 | 319.20 | 208 | 658 ROB | 30000615 | 27/11/2018 | 5 | 27/11/2018 | Main | |||||||
| Dewey Decimal Classification | Main TEST | RTC Library | RTC Library | Main opac | 05/03/2022 | 319.20 | 209 | 658 ROB | 30000660 | 27/11/2018 | 11 | 27/11/2018 | Main | |||||||
| Dewey Decimal Classification | Main TEST | RTC Library | RTC Library | Main opac | 05/03/2022 | 319.20 | 205 | 658 ROB | 30000654 | 27/11/2018 | 10 | 27/11/2018 | Main | |||||||
| Dewey Decimal Classification | Main TEST | RTC Library | RTC Library | Main opac | 05/03/2022 | 319.20 | 210 | 658 ROB | 30006240 | 27/11/2018 | 12 | 27/11/2018 | Main | |||||||
| Dewey Decimal Classification | Main TEST | RTC Library | RTC Library | Main opac | 05/03/2022 | 319.20 | 204 | 658 ROB | 30000586 | 27/11/2018 | 2 | 27/11/2018 | Main | |||||||
| Dewey Decimal Classification | Main TEST | RTC Library | RTC Library | Main opac | 05/03/2022 | 319.20 | 214 | 658 ROB | 30000664 | 27/11/2018 | 9 | 27/11/2018 | Main | |||||||
| Dewey Decimal Classification | Main TEST | RTC Library | RTC Library | Main opac | 2556 | 658 ROB | 30005891 | 27/11/2018 | 3 | 27/11/2018 | Main | |||||||||
| Dewey Decimal Classification | Main TEST | RTC Library | RTC Library | Main opac | 05/03/2022 | 319.20 | 206 | 658 ROB | 30000637 | 27/11/2018 | 8 | 27/11/2018 | Main | |||||||
| Dewey Decimal Classification | Main TEST | RTC Library | RTC Library | Main opac | 05/03/2022 | 319.20 | 211 | 658 ROB | 30000602 | 27/11/2018 | 6 | 27/11/2018 | Main | |||||||
| Dewey Decimal Classification | Main TEST | RTC Library | RTC Library | Main opac | 05/03/2022 | 319.20 | 212 | 658 ROB | 30000634 | 19/08/2019 | 4 | 27/11/2018 | Main | 1 | 02/08/2019 | |||||
| Dewey Decimal Classification | Main TEST | RTC Library | RTC Library | Main opac | 05/03/2022 | 319.20 | 213 | 658 ROB | 30000665 | 27/11/2018 | 7 | 27/11/2018 | Main |